[Event "BL 8182 Bayern-Bamberg"]
[Site "?"]
[Date "1981.??.??"]
[Round "?.1"]
[White "Hartmann, Wo"]
[Black "Westermeier, A."]
[Result "1/2-1/2"]
[WhiteElo "2275"]
[BlackElo "2320"]
[PlyCount "43"]
[EventDate "1981.??.??"]

1. e4 c5 2. Nf3 d6 3. d4 cxd4 4. Nxd4 Nf6 5. Nc3 a6 6. Be3 e5 7. Nb3 Be7 8. f3
Be6 9. Qd2 O-O 10. O-O-O Qc7 11. g4 b5 12. h4 Nfd7 13. Nd5 Bxd5 14. exd5 a5 15.
Bxb5 a4 16. Na1 Ra5 17. Bd3 Nc5 18. c3 Nbd7 19. Nc2 Nb6 20. Nb4 a3 21. b3 Nxd3+
22. Qxd3 1/2-1/2

[Event "BL 8182 Bayern-Bamberg"]
[Site "?"]
[Date "1981.??.??"]
[Round "?.2"]
[White "Saacke, B."]
[Black "Kestler, H."]
[Result "0-1"]
[WhiteElo "2395"]
[BlackElo "2405"]
[PlyCount "96"]
[EventDate "1981.??.??"]

1. d4 Nf6 2. Nf3 e6 3. e3 b6 4. Bd3 Bb7 5. O-O Be7 6. b3 O-O 7. Bb2 d5 8. Qe2
Nbd7 9. c4 c5 10. Nc3 Rc8 11. Rad1 Qc7 12. Ne5 dxc4 13. bxc4 cxd4 14. exd4 a6
15. f4 Bb4 16. Nb1 Rfe8 17. Nd2 Bxd2 18. Rxd2 Nf8 19. Qe3 Ng6 20. Re2 Rcd8 21.
Qg3 Nd7 22. Qh3 Ndf8 23. Qg3 b5 24. cxb5 Nxe5 25. fxe5 Qb6 26. Ref2 Rd7 27.
bxa6 Bxa6 28. Bxa6 Qxa6 29. Ba3 Rb8 30. Bd6 Re8 31. Qh3 Qc4 32. Qe3 Ng6 33. Rc1
Qa4 34. Qe4 Ne7 35. Rd2 Nf5 36. Qc6 Qxc6 37. Rxc6 Red8 38. Bc5 h5 39. Bb6 Ra8
40. Rc4 Ne3 41. Rc7 Rxc7 42. Bxc7 Rc8 43. Bb6 Nc4 44. Rc2 Nxb6 45. Rb2 Nd5 46.
a4 Ra8 47. Ra2 Nc3 48. Ra3 Nxa4 0-1

[Event "BL 8182 Bayern-Bamberg"]
[Site "?"]
[Date "1981.??.??"]
[Round "?.3"]
[White "Ruehrig, V."]
[Black "Klundt, K."]
[Result "1-0"]
[WhiteElo "2300"]
[BlackElo "2395"]
[PlyCount "61"]
[EventDate "1981.??.??"]

1. d4 Nf6 2. c4 g6 3. Nc3 Bg7 4. e4 O-O 5. Be3 Nc6 6. d5 Ne5 7. f4 Neg4 8. Bd2
Nh6 9. h3 Ne8 10. g4 f5 11. e5 e6 12. g5 Nf7 13. Qe2 d6 14. Nf3 c6 15. O-O-O
cxd5 16. cxd5 Nc7 17. h4 Re8 18. h5 exd5 19. hxg6 hxg6 20. Qh2 d4 21. Ne2 Nd5
22. Nexd4 dxe5 23. fxe5 Qb6 24. Bg2 Bd7 25. Kb1 Rac8 26. Qh7+ Kf8 27. Nh4 Ne7
28. e6 Bxe6 29. Bb4 Ne5 30. Nxe6+ Qxe6 31. Bd5 1-0

[Event "BL 8182 Bayern-Bamberg"]
[Site "?"]
[Date "1981.??.??"]
[Round "?.4"]
[White "Kindermann, S."]
[Black "Treppner, G."]
[Result "1-0"]
[WhiteElo "2425"]
[BlackElo "2255"]
[PlyCount "85"]
[EventDate "1981.??.??"]

1. d4 Nf6 2. c4 d6 3. Nc3 e5 4. Nf3 e4 5. Nd2 Bf5 6. e3 c6 7. f3 exf3 8. Nxf3
Na6 9. Bd3 Bxd3 10. Qxd3 d5 11. a3 Be7 12. O-O O-O 13. Bd2 dxc4 14. Qxc4 c5 15.
d5 Nc7 16. e4 b5 17. Qd3 c4 18. Qc2 Ng4 19. Bf4 Bd6 20. Qd2 f6 21. Nd4 Ne5 22.
Kh1 Qd7 23. Rad1 Rfe8 24. Nf5 g6 25. Nxd6 Qxd6 26. Ne2 Rad8 27. Nd4 Rd7 28. Nc6
Na6 29. Bxe5 fxe5 30. Qg5 Rf7 31. Rxf7 Kxf7 32. Nxa7 Nc7 33. Nc6 Kg7 34. Rf1
Na6 35. Rf5 Nc5 36. Nxe5 Re7 37. Ng4 Rxe4 38. Rf1 Rxg4 39. Qxg4 Qxd5 40. Qf4
Ne6 41. Qf7+ Kh6 42. Re1 Nc7 43. Qxc7 1-0

[Event "BL 8182 Zähringen-Sindelfingen"]
[Site "?"]
[Date "1981.??.??"]
[Round "?.1"]
[White "Darga, K."]
[Black "Siegel, G."]
[Result "1/2-1/2"]
[WhiteElo "2495"]
[BlackElo "2300"]
[PlyCount "66"]
[EventDate "1981.??.??"]

1. c4 Nf6 2. Nc3 e6 3. Nf3 c5 4. g3 b6 5. Bg2 Bb7 6. O-O Be7 7. b3 d5 8. cxd5
Nxd5 9. Nxd5 Bxd5 10. Bb2 O-O 11. Qb1 Bf6 12. Rd1 Bxb2 13. Qxb2 Nc6 14. d3 Bxf3
15. Bxf3 Rc8 16. e3 Qg5 17. d4 cxd4 18. Bxc6 Rxc6 19. Rxd4 Rfc8 20. Rad1 h5 21.
Qb1 Rc2 22. Rd8+ Rxd8 23. Rxd8+ Qxd8 24. Qxc2 h4 25. Kg2 Qd5+ 26. e4 Qh5 27. f3
h3+ 28. Kf2 Qe5 29. f4 Qd4+ 30. Kf3 Qg1 31. Kg4 Qg2 32. Qc8+ Kh7 33. Qd8 Qxh2
1/2-1/2

[Event "BL 8182 Zähringen-Sindelfingen"]
[Site "?"]
[Date "1981.??.??"]
[Round "?.2"]
[White "Herbrechtsmeier, C."]
[Black "Mohrlok, D."]
[Result "1-0"]
[WhiteElo "2330"]
[BlackElo "2425"]
[PlyCount "93"]
[EventDate "1981.??.??"]

1. e4 g6 2. d4 Bg7 3. Nc3 d6 4. Bc4 Nc6 5. Be3 Nf6 6. f3 O-O 7. Qd2 b6 8. Nge2
Na5 9. Qd3 Nxc4 10. Qxc4 Bb7 11. Nf4 e6 12. Qe2 c5 13. dxc5 dxc5 14. O-O Qe7
15. Rfd1 Rfd8 16. Rxd8+ Rxd8 17. Rd1 Rxd1+ 18. Qxd1 Ba6 19. Qd2 Nd7 20. Nd3 Qd6
21. Nf2 Qxd2 22. Bxd2 Ne5 23. Ncd1 Nc6 24. c3 h5 25. b3 Kf8 26. Nb2 Ke7 27.
Nfd3 Na5 28. c4 Nc6 29. Kf2 Bb7 30. Na4 Kd6 31. Bf4+ Kd7 32. e5 Nd4 33. Nc3 Bc6
34. Ne2 Nc2 35. Bd2 a5 36. Bc3 Bh6 37. Nef4 Nb4 38. Nxb4 axb4 39. Bd2 b5 40.
Ke2 bxc4 41. bxc4 Bb7 42. Nxh5 gxh5 43. Bxh6 Ba6 44. Kd3 Ke7 45. Bg5+ Kf8 46.
Be3 Kg7 47. Bxc5 1-0

[Event "BL 8182 Erlangen-Markth'feld"]
[Site "?"]
[Date "1981.??.??"]
[Round "?.1"]
[White "Goehring, K."]
[Black "Feustel, B."]
[Result "1-0"]
[WhiteElo "2320"]
[BlackElo "2375"]
[PlyCount "81"]
[EventDate "1981.??.??"]

1. d4 g6 2. c4 Bg7 3. Nc3 d6 4. e4 Nd7 5. Nf3 e6 6. Be3 Ne7 7. Qd2 h6 8. O-O-O
a6 9. Kb1 Rb8 10. g3 Nf6 11. h3 b6 12. Bd3 Bb7 13. Rhe1 Qc8 14. Qe2 Nd7 15. Nh4
O-O 16. f4 c5 17. Nf3 Nc6 18. Qf2 Nb4 19. Bf1 Nf6 20. Nd2 Nc6 21. d5 exd5 22.
cxd5 Na5 23. Bg2 Nd7 24. h4 b5 25. Bh3 f5 26. h5 b4 27. Na4 Nf6 28. hxg6 Qe8
29. Nb6 Qb5 30. Bxf5 Qxb6 31. Be6+ Kh8 32. Rh1 Rbe8 33. f5 Rxe6 34. fxe6 Nxd5
35. Rxh6+ Kg8 36. Qf7+ Rxf7 37. gxf7+ Kf8 38. exd5 Bxd5 39. Rf1 Nc4 40. Rh8+
Bxh8 41. Bh6+ 1-0

[Event "BL 8182 Erlangen-Markth'feld"]
[Site "?"]
[Date "1981.??.??"]
[Round "?.2"]
[White "Heidrich, M."]
[Black "Bartsch, B."]
[Result "1/2-1/2"]
[WhiteElo "2225"]
[BlackElo "2265"]
[PlyCount "100"]
[EventDate "1981.??.??"]

1. e4 e5 2. Nf3 Nc6 3. Bb5 a6 4. Ba4 Nf6 5. O-O Nxe4 6. d4 b5 7. Bb3 d5 8. Nxe5
Nxe5 9. dxe5 c6 10. Nd2 Nc5 11. Nf3 Be7 12. c3 Nxb3 13. axb3 c5 14. Re1 O-O 15.
h3 Bb7 16. Bf4 Qb6 17. Qd3 Rfe8 18. Ng5 Bxg5 19. Bxg5 Re6 20. Re3 Rae8 21. Rae1
a5 22. Qf5 Rg6 23. Rg3 b4 24. Qc2 bxc3 25. bxc3 c4 26. bxc4 dxc4 27. Qa4 Qc6
28. Qxc6 Bxc6 29. Bf4 Rxg3 30. Bxg3 a4 31. Bf4 Ra8 32. Ra1 Kf8 33. Bc1 Ke7 34.
Ba3+ Ke6 35. f4 Kf5 36. g3 Ke4 37. Rd1 Kf3 38. f5 Kxg3 39. e6 fxe6 40. fxe6 Re8
41. e7 Kxh3 42. Rd4 Bb5 43. Rd5 Ba6 44. Rd8 Bb5 45. Rd5 Ba6 46. Rd8 Bb5 47. Rd5
Bc6 48. Rd4 g5 49. Rxc4 Bd7 50. Rd4 Bc6 {.../??/} 1/2-1/2

[Event "BL 8182 Erlangen-Markth'feld"]
[Site "?"]
[Date "1981.??.??"]
[Round "?.3"]
[White "Riefner, E."]
[Black "Roeder, F."]
[Result "1/2-1/2"]
[WhiteElo "2245"]
[BlackElo "2275"]
[PlyCount "37"]
[EventDate "1981.??.??"]

1. e4 c5 2. Nf3 Nc6 3. d4 cxd4 4. Nxd4 e5 5. Nb5 a6 6. Nd6+ Bxd6 7. Qxd6 Qe7 8.
Qxe7+ Ngxe7 9. Nc3 d5 10. exd5 Nb4 11. Bd3 Nxd3+ 12. cxd3 Bf5 13. Be3 O-O-O 14.
Rc1 Kb8 15. d4 Nxd5 16. Nxd5 Rxd5 17. dxe5 Rxe5 18. O-O Rd5 19. Rfd1 1/2-1/2

[Event "BL 8182 Erlangen-Markth'feld"]
[Site "?"]
[Date "1981.??.??"]
[Round "?.4"]
[White "Stoll, J."]
[Black "Meinberger, L."]
[Result "1-0"]
[WhiteElo "2225"]
[BlackElo "2240"]
[PlyCount "95"]
[EventDate "1981.??.??"]

1. d4 Nf6 2. c4 e6 3. Nf3 b6 4. Nc3 Bb7 5. g3 Bb4 6. Qb3 c5 7. dxc5 Bxc5 8. Bg2
Nc6 9. O-O Be7 10. Qd1 O-O 11. b3 Qb8 12. e3 Rd8 13. Qe2 a6 14. Rd1 Ra7 15. Bb2
Ba8 16. Nd4 Nxd4 17. Rxd4 Bxg2 18. Kxg2 Rb7 19. a4 d6 20. Rad1 Rbd7 21. Qf3 Qb7
22. Qxb7 Rxb7 23. Ba3 Rbd7 24. R4d3 Ne8 25. Ne4 f5 26. Nc3 Bf6 27. Na2 a5 28.
Nc1 Kf7 29. Ne2 Ke7 30. e4 fxe4 31. Re3 Kf7 32. Rxe4 d5 33. cxd5 exd5 34. Re3
Nc7 35. Nd4 Bxd4 36. Rxd4 Ne6 37. Rf3+ Kg8 38. Rd1 d4 39. Rfd3 b5 40. axb5 Rb7
41. Re1 Rb6 42. Re5 Nc7 43. Be7 Rd7 44. Rf3 h6 45. Rf8+ Kh7 46. Rd8 Rxe7 47.
Rxe7 Nxb5 48. Rdd7 1-0

[Event "BL 8182 SKJE-HSK"]
[Site "?"]
[Date "1981.??.??"]
[Round "?.1"]
[White "Chandler, M."]
[Black "Stein, B."]
[Result "1/2-1/2"]
[WhiteElo "2535"]
[BlackElo "2295"]
[PlyCount "80"]
[EventDate "1981.??.??"]

1. d4 Nf6 2. c4 d6 3. Nc3 Nbd7 4. e4 e5 5. Nf3 Be7 6. Be2 c6 7. O-O O-O 8. Qc2
a6 9. Rd1 Qc7 10. a3 b5 11. b4 bxc4 12. Bxc4 d5 13. Bb3 dxe4 14. Nxe4 a5 15.
Bb2 axb4 16. axb4 Rxa1 17. Bxa1 Nxe4 18. Qxe4 Nf6 19. Qxe5 Qb7 20. Rb1 Bxb4 21.
Qf4 Qe7 22. d5 cxd5 23. Bxf6 gxf6 24. Bc2 Bd6 25. Qh6 f5 26. Re1 Qc7 27. Qg5+
Kh8 28. Qf6+ Kg8 29. Qg5+ Kh8 30. Qf6+ Kg8 31. Bd3 Qd8 32. Qh6 f6 33. Nd4 Rf7
34. Nxf5 Bf8 35. Qh4 Bxf5 36. Bxf5 Re7 37. Re3 Qc7 38. g3 Rxe3 39. fxe3 Bc5 40.
Qg4+ Kf8 1/2-1/2

[Event "BL 8182 SKJE-HSK"]
[Site "?"]
[Date "1981.??.??"]
[Round "?.4"]
[White "Fehrig, A."]
[Black "Pokern, N."]
[Result "1/2-1/2"]
[WhiteElo "2215"]
[BlackElo "2240"]
[PlyCount "29"]
[EventDate "1981.??.??"]

1. e4 e5 2. Nf3 Nc6 3. d4 exd4 4. Nxd4 Bc5 5. Nb3 Bb6 6. a4 a6 7. Nc3 d6 8. Qf3
Be6 9. Nd5 Ne5 10. Qg3 Bxd5 11. exd5 Qe7 12. Be2 Nf6 13. Bg5 h6 14. Bxf6 Qxf6
15. O-O 1/2-1/2

[Event "BL 8182 Düsseldorf-Porz"]
[Site "?"]
[Date "1981.??.??"]
[Round "?.1"]
[White "Hort, V."]
[Black "Backwinkel, P."]
[Result "1/2-1/2"]
[WhiteElo "2595"]
[BlackElo "2275"]
[PlyCount "109"]
[EventDate "1981.??.??"]

1. d4 c5 2. d5 d6 3. c4 e5 4. e4 Be7 5. Nf3 Nd7 6. Nc3 Nf8 7. g3 h6 8. h4 Nf6
9. Be2 N8h7 10. Bd2 O-O 11. Qc2 Bd7 12. Bd3 a6 13. a4 b6 14. Ng1 Ne8 15. f3 Nc7
16. Nge2 Nf6 17. Nd1 b5 18. Nec3 Nh5 19. Rg1 bxc4 20. Bxc4 f5 21. Nf2 f4 22. g4
Ng3 23. h5 Ne8 24. Nd3 Bh4 25. O-O-O Nf6 26. Be1 Nh7 27. Qh2 Bg5 28. Kc2 Qf6
29. Ra1 Kh8 30. Ra3 Ra7 31. Bf2 Rc8 32. Rb3 Qd8 33. Ra1 Rb8 34. Rxb8 Qxb8 35.
Qg1 Ra8 36. Ra3 Qe8 37. Kb1 Bh4 38. Qd1 Ng5 39. Rb3 Nf7 40. Nc1 Bd8 41. Qd3 Bc8
42. N1a2 Ba5 43. Ne2 Nxe2 44. Qxe2 Ng5 45. Bh4 Bd8 46. Qd3 Ba5 47. Ra3 Kh7 48.
Nc1 Bb4 49. Ra2 Bd7 50. b3 Bc8 51. Rc2 Qd7 52. Qe2 Qb7 53. Nd3 Ba5 54. Nb2 Rb8
55. Ka2 1/2-1/2

[Event "BL 8182 Düsseldorf-Porz"]
[Site "?"]
[Date "1981.??.??"]
[Round "?.2"]
[White "Vetter, H."]
[Black "Reefschlaeger, H."]
[Result "0-1"]
[WhiteElo "2250"]
[BlackElo "2410"]
[PlyCount "46"]
[EventDate "1981.??.??"]

1. e4 e6 2. d4 d5 3. Nc3 Bb4 4. e5 c5 5. a3 Ba5 6. b4 cxd4 7. Nb5 Bc7 8. Nf3
Nc6 9. Nxc7+ Qxc7 10. Bb5 Nge7 11. O-O O-O 12. Re1 Bd7 13. Bxc6 Nxc6 14. Bb2
Rac8 15. Bxd4 Nxd4 16. Nxd4 Ba4 17. Re3 Bxc2 18. Qd2 Bg6 19. f4 Qb6 20. h3 Rc4
21. Rd1 Bc2 22. Nxc2 Rxc2 23. Qd4 Rc1 0-1

[Event "BL 8182 Düsseldorf-Porz"]
[Site "?"]
[Date "1981.??.??"]
[Round "?.5"]
[White "Dankert, P."]
[Black "Schlaugat, M."]
[Result "0-1"]
[WhiteElo "2380"]
[BlackElo "2250"]
[PlyCount "42"]
[EventDate "1981.??.??"]

1. d4 d5 2. c4 e6 3. Nc3 Nf6 4. Bg5 Be7 5. Nf3 O-O 6. e3 Nbd7 7. Qc2 b6 8. Bd3
h6 9. Bh4 Bb7 10. O-O c5 11. cxd5 cxd4 12. Nxd4 Nxd5 13. Bxe7 Qxe7 14. Nxd5
Bxd5 15. Rac1 Nc5 16. e4 Bb7 17. Nb3 Nxd3 18. Qxd3 Rfd8 19. Qe3 Qb4 20. f3 Qa4
21. a3 Ba6 0-1

[Event "BL 8182 FH Hamburg-SKJE"]
[Site "?"]
[Date "1981.??.??"]
[Round "?.1"]
[White "Stein, B."]
[Black "Wockenfuss, K."]
[Result "1-0"]
[WhiteElo "2295"]
[BlackElo "2380"]
[PlyCount "77"]
[EventDate "1981.??.??"]

1. e4 e6 2. d4 d5 3. Nc3 Bb4 4. e5 c5 5. a3 Bxc3+ 6. bxc3 Ne7 7. Qg4 Qc7 8.
Qxg7 Rg8 9. Qxh7 cxd4 10. Kd1 Nbc6 11. Nf3 dxc3 12. Ng5 Nxe5 13. f4 Rxg5 14.
fxg5 N5g6 15. h4 e5 16. h5 Nf8 17. Qg7 Bg4+ 18. Ke1 a6 19. g6 fxg6 20. h6 e4
21. Be3 Qg3+ 22. Bf2 Qf4 23. Qxc3 Rc8 24. Qd2 Qxd2+ 25. Kxd2 Nh7 26. Rb1 Rc7
27. Rb6 Nc6 28. Bg3 Re7 29. Bxa6 e3+ 30. Kc1 Nd4 31. Rxg6 Bf5 32. Rg8+ Kd7 33.
Rd1 bxa6 34. Rxd4 Be4 35. Rb4 Ke6 36. Rg7 Rxg7 37. hxg7 Kf7 38. Be5 e2 39. Kd2
1-0

[Event "BL 8182 FH Hamburg-SKJE"]
[Site "?"]
[Date "1981.??.??"]
[Round "?.4"]
[White "Rosin, W."]
[Black "Fehrig, A."]
[Result "0-1"]
[WhiteElo "2265"]
[BlackElo "2215"]
[PlyCount "102"]
[EventDate "1981.??.??"]

1. d4 Nf6 2. g3 d5 3. Bg2 c6 4. Nf3 h6 5. O-O Bf5 6. c4 e6 7. Nc3 Bd6 8. Nd2
Nbd7 9. f3 Bg6 10. e4 dxe4 11. Ndxe4 Be7 12. Be3 O-O 13. Qe2 a6 14. Rfd1 b5 15.
d5 exd5 16. cxd5 cxd5 17. Nxd5 Nxd5 18. Rxd5 Qe8 19. Rad1 Nf6 20. Re5 Nxe4 21.
fxe4 f6 22. Red5 Bf7 23. Rd7 Be6 24. Rb7 Rd8 25. Rb6 Rxd1+ 26. Qxd1 Qc8 27. e5
Bc5 28. Qe1 Bxb6 29. Bxb6 fxe5 30. b4 Qc4 31. Bc5 Rf7 32. h3 Bd5 33. Qd2 Bxg2
34. Kxg2 Qe4+ 35. Kh2 Kh7 36. h4 Rf3 37. Kh3 Rd3 38. Qf2 h5 39. Kh2 Qf3 40.
Qxf3 Rxf3 41. Kg2 Ra3 42. Bd6 e4 43. Bc5 Kg6 44. Kf2 Kf5 45. Bf8 g6 46. Bc5
Rxa2+ 47. Ke3 Ra1 48. Bf8 Rd1 49. Bc5 Rd3+ 50. Kf2 Kg4 51. Ke2 Rxg3 0-1

[Event "BL 8182 Delmenhorst-HSK"]
[Site "?"]
[Date "1981.??.??"]
[Round "?.1"]
[White "Huebner, R."]
[Black "Juhnke, K."]
[Result "1-0"]
[WhiteElo "2640"]
[BlackElo "2320"]
[PlyCount "111"]
[EventDate "1981.??.??"]

1. c4 g6 2. d4 Nf6 3. g3 Bg7 4. Bg2 d6 5. Nf3 O-O 6. O-O Nc6 7. Nc3 a6 8. h3
Rb8 9. e4 b5 10. e5 dxe5 11. dxe5 Qxd1 12. Rxd1 Nd7 13. e6 fxe6 14. cxb5 axb5
15. Be3 Nb4 16. Rac1 Bxc3 17. bxc3 Nd5 18. Bh6 Rf6 19. Nd4 Ne5 20. Rc2 c5 21.
Nxe6 Bxe6 22. Bxd5 Nf3+ 23. Bxf3 Rxf3 24. Kg2 Bf5 25. Re2 Rxc3 26. g4 Bc2 27.
Rdd2 Bd3 28. Rxe7 Rd8 29. Rg7+ Kh8 30. Rc7 Kg8 31. Rg7+ Kh8 32. Rc7 Kg8 33. Kh2
c4 34. Rg7+ Kh8 35. Rb7 Rc2 36. Rxc2 Bxc2 37. Rxb5 Rc8 38. Rb7 c3 39. Bf4 Kg8
40. Kg3 Be4 41. Rc7 Rxc7 42. Bxc7 c2 43. Bf4 Kf7 44. Bd2 Ke6 45. Kf4 Bg2 46. h4
Kd5 47. a4 Kc4 48. a5 Kd3 49. Be3 Ke2 50. a6 h5 51. g5 Ba8 52. a7 Bb7 53. Ke5
Kf3 54. Kd6 Be4 55. Kc7 Kg4 56. f4 1-0

[Event "BL 8182 Delmenhorst-HSK"]
[Site "?"]
[Date "1981.??.??"]
[Round "?.2"]
[White "Hermann, Man"]
[Black "Chandler, M."]
[Result "1/2-1/2"]
[WhiteElo "2380"]
[BlackElo "2535"]
[PlyCount "101"]
[EventDate "1981.??.??"]

1. e4 c6 2. d4 d5 3. exd5 cxd5 4. c4 Nf6 5. Nc3 e6 6. Nf3 Bb4 7. Bd3 dxc4 8.
Bxc4 O-O 9. O-O b6 10. a3 Bxc3 11. bxc3 Nbd7 12. Qe2 Bb7 13. Bd3 Qc7 14. c4
Rac8 15. Ne5 Nxe5 16. dxe5 Qc6 17. f3 Nd7 18. Bf4 Ba6 19. Rfd1 Rc7 20. Rac1
Rfc8 21. Be4 Qa4 22. Bc2 Qa5 23. Qe4 Nf8 24. Bd3 Qa4 25. c5 Qxe4 26. Bxe4 bxc5
27. Rd6 Bb7 28. Bxb7 Rxb7 29. Be3 c4 30. Ra6 Nd7 31. Rxa7 Rxa7 32. Bxa7 Nxe5
33. Bd4 Nd3 34. Rc2 e5 35. Be3 f5 36. Kf1 Kf7 37. a4 c3 38. Ke2 Nb4 39. Rc1 f4
40. Bd2 Nd5 41. Be1 Ke6 42. a5 Rc6 43. Kd3 Rc5 44. Bxc3 Nb4+ 45. Kd2 Rd5+ 46.
Ke2 Na2 47. Rc2 Nxc3+ 48. Rxc3 Rxa5 49. Rc6+ Kf5 50. Rc7 Ra2+ 51. Kf1 1/2-1/2

[Event "BL 8182 Delmenhorst-HSK"]
[Site "?"]
[Date "1981.??.??"]
[Round "?.3"]
[White "Cordes, H."]
[Black "Meyer, CD."]
[Result "1-0"]
[WhiteElo "2280"]
[BlackElo "2285"]
[PlyCount "133"]
[EventDate "1981.??.??"]

1. d4 Nf6 2. Nf3 g6 3. Nbd2 Bg7 4. e4 O-O 5. Be2 d6 6. O-O b6 7. Re1 Bb7 8. Bf1
e6 9. c3 Nbd7 10. b4 a5 11. a4 axb4 12. cxb4 Ra7 13. Qc2 c5 14. Bb2 cxb4 15.
Qb3 Qa8 16. Bd3 d5 17. e5 Ne4 18. Qxb4 Rc8 19. Bb5 Bf8 20. Qb3 Nxd2 21. Nxd2
Nb8 22. Nf3 Nc6 23. Ba3 Na5 24. Qd3 Bxa3 25. Rxa3 Nc4 26. Rb3 Ba6 27. Bxa6 Rxa6
28. Ng5 Rc7 29. Nxh7 Kxh7 30. Qh3+ Kg8 31. Qh4 Kf8 32. Qf6 Ke8 33. Rh3 Kd7 34.
Qxf7+ Kc6 35. Qxe6+ Kb7 36. Qxd5+ Ka7 37. Qb5 Ra5 38. Qb1 Qd5 39. Qxg6 Rxa4 40.
Rh7 Rxh7 41. Qxh7+ Ka6 42. Qd3 Ra3 43. Qe2 b5 44. e6 Nd6 45. e7 Ne8 46. Qg4 Rc3
47. h4 Rc6 48. Re5 Qd6 49. Qe2 Rb6 50. d5 Kb7 51. Qe4 Ka7 52. Re6 Qc5 53. Rxb6
Qxb6 54. Qb4 Ka6 55. h5 Qh6 56. g4 Qc1+ 57. Kg2 Qd1 58. d6 Qd5+ 59. f3 Nxd6 60.
Qxd6+ Qxd6 61. e8=Q Qd2+ 62. Kg3 b4 63. Qe6+ Ka5 64. h6 Qc3 65. Qf5+ Ka4 66. h7
b3 67. Qe4+ 1-0

[Event "BL 8182 Delmenhorst-HSK"]
[Site "?"]
[Date "1981.??.??"]
[Round "?.4"]
[White "Franke, R."]
[Black "Gruenberg, Ra"]
[Result "1/2-1/2"]
[WhiteElo "2290"]
[BlackElo "2300"]
[PlyCount "68"]
[EventDate "1981.??.??"]

1. Nf3 c5 2. g3 Nc6 3. Bg2 Nf6 4. O-O g6 5. c4 d5 6. d4 dxc4 7. Ne5 Nxe5 8.
dxe5 Nd7 9. Qa4 Bg7 10. e6 fxe6 11. Nc3 Qb6 12. Qxc4 Ne5 13. Qf4 Nf7 14. Na4
Qb4 15. Bd2 Qxf4 16. Bxf4 Nd6 17. Rac1 c4 18. Bxd6 exd6 19. Rxc4 d5 20. Rc2 Bd7
21. Nc5 b6 22. Nxd7 Kxd7 23. Rd2 Ke7 24. e4 dxe4 25. Re1 Rad8 26. Rde2 Kf7 27.
Bxe4 Bd4 28. Bd3 e5 29. Kg2 Rd7 30. h4 Kg7 31. Bb5 Rf7 32. Bc4 Rc7 33. Bd5 Rhc8
34. Be4 Rc1 1/2-1/2

[Event "BL 8182 Delmenhorst-HSK"]
[Site "?"]
[Date "1981.??.??"]
[Round "?.6"]
[White "Dornieden, M."]
[Black "Pokern, N."]
[Result "1-0"]
[WhiteElo "2325"]
[BlackElo "2240"]
[PlyCount "127"]
[EventDate "1981.??.??"]

1. Nf3 d5 2. d3 Nf6 3. g3 Bf5 4. Nh4 Bc8 5. Bg2 e5 6. O-O Bc5 7. c4 dxc4 8.
Qa4+ c6 9. Qxc4 Qb6 10. Nc3 Be6 11. Na4 Bxc4 12. Nxb6 axb6 13. dxc4 Nbd7 14.
Bd2 O-O 15. e3 g6 16. Bc3 Rfe8 17. Nf3 Ne4 18. Nxe5 Nxe5 19. Bxe4 Nxc4 20. Bg2
b5 21. Rfd1 f5 22. a3 Kf7 23. Rd7+ Re7 24. Rad1 Ke6 25. Rxe7+ Bxe7 26. e4 Rd8
27. exf5+ gxf5 28. Re1+ Kf7 29. Bh3 Rd5 30. Bg2 Rd8 31. Bf3 Nd6 32. Kg2 Bf8 33.
Bh5+ Kg8 34. Bd1 h6 35. Bb3+ Kh7 36. f3 Re8 37. Rd1 Nc4 38. Rd7+ Re7 39. Rxe7+
Bxe7 40. Kf2 Bc5+ 41. Ke2 f4 42. gxf4 Kg6 43. Bc2+ Kf7 44. f5 Bd6 45. h3 Be5
46. Bb3 Bxc3 47. bxc3 Kf6 48. Bxc4 bxc4 49. a4 b6 50. Ke3 Kxf5 51. f4 h5 52.
Kf3 h4 53. Ke3 Kf6 54. Ke4 Ke6 55. f5+ Kf6 56. Kf4 Kf7 57. Kf3 Ke7 58. Kg4 Kf6
59. Kxh4 Kxf5 60. Kg3 b5 61. axb5 cxb5 62. Kf3 Ke5 63. Ke3 Kd5 64. h4 1-0

[Event "BL 8182 Delmenhorst-HSK"]
[Site "?"]
[Date "1981.??.??"]
[Round "?.8"]
[White "Hickl, T."]
[Black "Fette, M."]
[Result "0-1"]
[WhiteElo "2235"]
[BlackElo "2235"]
[PlyCount "70"]
[EventDate "1981.??.??"]

1. Nf3 Nf6 2. c4 g6 3. b4 Bg7 4. Bb2 O-O 5. d4 d5 6. e3 Bg4 7. Nbd2 Ne4 8. Qc2
Nxd2 9. Nxd2 Bf5 10. Bd3 Bxd3 11. Qxd3 c6 12. O-O Nd7 13. cxd5 cxd5 14. Rfc1
Nb6 15. a4 Qd7 16. Qb3 Rfc8 17. Rc5 e6 18. a5 Rxc5 19. bxc5 Nc8 20. a6 bxa6 21.
Rxa6 Qc7 22. Bc3 Ne7 23. Qa4 e5 24. Ba5 Qb7 25. Rd6 exd4 26. c6 Qa6 27. exd4
Rc8 28. h3 Nxc6 29. Rxd5 Nxa5 30. Rxa5 Qe2 31. Nf3 Rc2 32. Kh2 Bf8 33. Rg5 Qxf2
34. Ne5 Qf4+ 35. Rg3 Rc3 0-1

[Event "BL 8182 SKJE-Delmenhorst"]
[Site "?"]
[Date "1981.??.??"]
[Round "?.5"]
[White "Dornieden, M."]
[Black "Fehrig, A."]
[Result "1/2-1/2"]
[WhiteElo "2325"]
[BlackElo "2215"]
[PlyCount "73"]
[EventDate "1981.??.??"]

1. Nf3 Nf6 2. g3 g6 3. Bg2 Bg7 4. O-O O-O 5. d4 d6 6. c4 c6 7. Nc3 Nbd7 8. e4
Qc7 9. h3 e5 10. dxe5 dxe5 11. Be3 Rd8 12. Qc2 b6 13. Rfd1 Ba6 14. Bf1 Bf8 15.
Na4 Rac8 16. Rac1 Qb8 17. Qb1 b5 18. cxb5 Bxb5 19. Nc3 Bxf1 20. Kxf1 Bc5 21.
Bg5 Kg7 22. Qc2 h6 23. Bxf6+ Kxf6 24. Kg2 Kg7 25. Rd3 Be7 26. Rcd1 Nc5 27. Rxd8
Rxd8 28. b3 f6 29. Rxd8 Qxd8 30. b4 Qd3 31. Ne1 Qxc2 32. Nxc2 Nd3 33. a3 a6 34.
Kf3 c5 35. Ke3 Nb2 36. Nd5 Bd6 37. f3 1/2-1/2

[Event "BL 8182 HSK-FH Hamburg"]
[Site "?"]
[Date "1981.??.??"]
[Round "?.1"]
[White "Wockenfuss, K."]
[Black "Huebner, R."]
[Result "0-1"]
[WhiteElo "2380"]
[BlackElo "2640"]
[PlyCount "66"]
[EventDate "1981.??.??"]

1. d4 Nf6 2. g3 d5 3. Bg2 Bf5 4. c4 c6 5. Nf3 e6 6. O-O h6 7. Nc3 Nbd7 8. Nd2
Be7 9. e4 dxe4 10. Ndxe4 O-O 11. Nxf6+ Nxf6 12. Be3 Qd7 13. h3 Rad8 14. Qe2 Bb4
15. Rac1 e5 16. dxe5 Bd3 17. Qf3 Bxf1 18. Bxf1 Bxc3 19. Rxc3 Nh7 20. Bxa7 Ng5
21. Qg2 Ne6 22. Be3 Qd1 23. Rc1 Qa4 24. Qe4 Qxa2 25. f4 Qxb2 26. Bd3 g6 27. Rf1
Nd4 28. Rf2 Qc3 29. Bf1 Nf5 30. Bc5 Nxg3 31. Qf3 Qxf3 32. Rxf3 Nxf1 33. Bxf8
Nd2 0-1

[Event "BL 8182 HSK-FH Hamburg"]
[Site "?"]
[Date "1981.??.??"]
[Round "?.2"]
[White "Chandler, M."]
[Black "Fries Nielsen, J."]
[Result "1-0"]
[WhiteElo "2535"]
[BlackElo "2350"]
[PlyCount "49"]
[EventDate "1981.??.??"]

1. e4 e5 2. Nf3 Nf6 3. Nxe5 d6 4. Nf3 Nxe4 5. d4 d5 6. Bd3 Be7 7. O-O Nc6 8.
Re1 Bg4 9. c4 Nf6 10. cxd5 Nxd5 11. Nc3 O-O 12. h3 Be6 13. a3 h6 14. Bc2 Re8
15. Qd3 Nf6 16. Bxh6 Qd7 17. Bg5 g6 18. Qd2 Rad8 19. Ba4 Qc8 20. Qf4 Nh5 21.
Qh4 f6 22. Bh6 Bf7 23. d5 g5 24. Nxg5 fxg5 25. Bxg5 1-0

[Event "BL 8182 HSK-FH Hamburg"]
[Site "?"]
[Date "1981.??.??"]
[Round "?.3"]
[White "Cording, H."]
[Black "Cordes, H."]
[Result "1/2-1/2"]
[WhiteElo "2320"]
[BlackElo "2280"]
[PlyCount "30"]
[EventDate "1981.??.??"]

1. d4 g6 2. c4 Bg7 3. Nc3 d6 4. e4 Nc6 5. Be3 e5 6. d5 Nce7 7. g4 f5 8. gxf5
gxf5 9. Qh5+ Kf8 10. Qf3 Nf6 11. Bh3 Qe8 12. Nge2 fxe4 13. Nxe4 Bxh3 14. Nxf6
Qf7 15. Qxh3 Qxf6 1/2-1/2

[Event "BL 8182 HSK-FH Hamburg"]
[Site "?"]
[Date "1981.??.??"]
[Round "?.4"]
[White "Gruenberg, Ra"]
[Black "Rosin, W."]
[Result "0-1"]
[WhiteElo "2300"]
[BlackElo "2265"]
[PlyCount "98"]
[EventDate "1981.??.??"]

1. e4 c6 2. d4 d5 3. Nd2 dxe4 4. Nxe4 Nf6 5. Nxf6+ gxf6 6. Nf3 Bf5 7. c3 Rg8 8.
g3 Be4 9. Bg2 Na6 10. O-O e6 11. Qe2 Bg6 12. b4 Nc7 13. a4 Nd5 14. Bd2 Qc7 15.
Nh4 Be7 16. b5 f5 17. c4 Nf6 18. bxc6 bxc6 19. Ba5 Qd7 20. Nf3 Bh5 21. Qb2 Bxf3
22. Bxf3 Ne4 23. Rfe1 Ng5 24. Bg2 Bf6 25. Rad1 Rc8 26. Qd2 h5 27. d5 cxd5 28.
cxd5 Qxa4 29. dxe6 fxe6 30. h4 Ne4 31. Bxe4 fxe4 32. Qd6 Kf7 33. Qd7+ Qxd7 34.
Rxd7+ Ke8 35. Rxa7 Bd4 36. Rb7 Rxg3+ 37. Kh2 Rg4 38. Bb6 Be5+ 39. Kh3 Rc3+ 40.
Re3 Rc1 41. Rg3 Bxg3 42. fxg3 Rc3 43. Bc7 e3 44. Be5 Rc5 45. Bf4 e2 46. Rb1 e5
47. Bg5 Rc3 48. Kg2 Rcxg3+ 49. Kf2 Rg2+ 0-1